MONKEY ISLAND (Record no. 181095)

MARC details
000 -LEADER
fixed length control field 00444nam a2200181Ia 4500
003 - CONTROL NUMBER IDENTIFIER
control field OSt
005 - DATE AND TIME OF LATEST TRANSACTION
control field 20260212101458.0
020 ## - INTERNATIONAL STANDARD BOOK NUMBER
International Standard Book Number 0-531-05962-6
040 ## - CATALOGING SOURCE
Transcribing agency LC
050 ## - LIBRARY OF CONGRESS CALL NUMBER
Classification number PZ 7 .F 838 F 69 1991
Item number C.1
100 ## - MAIN ENTRY--PERSONAL NAME
Personal name FOX, PAULA
245 #0 - TITLE STATEMENT
Title MONKEY ISLAND
260 ## - PUBLICATION, DISTRIBUTION, ETC.
Place of publication, distribution, etc. NEW YORK,
Name of publisher, distributor, etc. ORCHARD BOOKS,
Date of publication, distribution, etc. 1991,
300 ## - PHYSICAL DESCRIPTION
Extent 151 P, ILL
500 ## - GENERAL NOTE
General note Bibliography
650 ## - SUBJECT ADDED ENTRY--TOPICAL TERM
Topical term or geographic name entry element HOMELESS PERSONS -FICTION, NEW YORK-FICTION
942 ## - ADDED ENTRY ELEMENTS (KOHA)
Koha item type Long Loan Book
Source of classification or shelving scheme Library of Congress Classification
Holdings
Withdrawn status Lost status Source of classification or shelving scheme Damaged status Not for loan Collection Home library Current library Shelving location Date acquired Inventory number Total checkouts Full call number Barcode Date last seen Copy number Price effective from Koha item type
    Library of Congress Classification     Arts & Social Sciences Kisii University Library Kisii University Library On Display 09/15/2023 82018   PZ 7 .F 83 8 F 69 1991 000000019158 02/14/2026 1 09/15/2023 Long Loan Book